Escuela del Trabajo de la Excma. Diputación Provincial de Barcelona / Escuela del Trabajo
Descripción Física:
1 f. plegat : il. ; 18 cm
MARC
| LEADER | 00000nam a2200000Ia 4500 | ||
|---|---|---|---|
| 001 | 17468 | ||
| 008 | 160829s194?] xx 000 0 cat d | ||
| 080 | |a FU-47-47 | ||
| 110 | 2 | |a Escola del Treball (Barcelona, Catalunya) |9 54586 | |
| 245 | |a Escuela del Trabajo de la Excma. Diputación Provincial de Barcelona / Escuela del Trabajo | ||
| 260 | |a Barcelona: |b [La Escuela. Ártes Gráficas, |c 194?] | ||
| 300 | |a 1 f. plegat : |b il. ; |c 18 cm | ||
| 590 | |a Prové de S-444 | ||
| 610 | 2 | 0 | |a Escola del Treball (Barcelona, Catalunya) |x Currículums |9 55344 |
| 710 | 1 | |a Barcelona (Catalunya : Província). |b Diputació |9 52408 | |
| 901 | |a Arxiu | ||
| 942 | |n 1 |2 udc | ||
| 952 | |0 0 |1 0 |4 0 |6 FU4747 |7 1 |9 53698 |a Arxiu |b Arxiu |d 2016-12-01 |l 0 |o FU-47-47 |p 17468 |r 2016-12-01 00:00:00 |w 2016-12-01 |y ARXIU | ||
| 999 | |c 57564 |d 57564 | ||